Statistiques concernant Communes du Canton de Valais

Cliquez ici pour prendre le quiz!

Statistiques générales

  • Ce quiz a été pris 1 150 fois
  • Le résultat moyen est 59 sur 122

Réponses sur la Carte

Les réponses sont colorées sur une échelle allant du rouge au vert en fonction du pourcentage des utilisateurs qui les ont devinées à leur premier essai. Vous pouvez retrouver ces pourcentages ci-dessous.
 

Statistiques - réponses

HabitantsCommune% Correct
34 710Sion
98%
20 210Martigny
95%
16 842Sierre
93%
13 079Brigue-Glis
89%
17 894Monthey
87%
7 978Viège
84%
5 765Zermatt
84%
10 365Crans-Montana
81%
4 556Saint-Maurice
81%
8 837Conthey
80%
8 731Fully
78%
6 737Nendaz
78%
10 185Val de Bagnes
74%
6 086Saxon
73%
7 814Savièse
72%
3 932Loèche
71%
1 544Saas-Fee
71%
9 467Collombey-Muraz
69%
1 669Evolène
69%
3 159Riddes
69%
967Saint-Gingolph
69%
3 915Chamoson
68%
2 687Saillon
68%
2 717Anniviers
65%
2 428Saint-Léonard
65%
3 293Ardon
64%
3 172Orsières
64%
6 398Vétroz
64%
1 305Evionnaz
63%
1 338Champéry
62%
1 421Hérémence
62%
300Simplon
61%
4 201Port-Valais
60%
4 094Ayent
59%
3 222Leytron
59%
4 257Vouvry
59%
4 226Lens
58%
1 805Vex
58%
2 732Vionnaz
58%
3 509Grimisuat
57%
1 031Sembrancher
57%
1 874Vernayaz
57%
3 542Chalais
56%
590Veysonnaz
56%
711Liddes
54%
2 025Val-d'Illiez
54%
1 302Arbaz
53%
2 447Grône
53%
832Isérables
53%
1 416Salvan
53%
4 748Troistorrents
53%
200Bourg-Saint-Pierre
52%
1 588Chippis
52%
1 319Loèche-les-Bains
52%
1 007Dorénaz
50%
891Fiesch
50%
1 818Massongex
50%
10 175Naters
50%
1 945Rarogne
50%
986Saas-Grund
50%
1 540Salquenen
50%
915Bovernier
49%
1 184Goms
49%
2 292Martigny-Combe
49%
838Saint-Martin
49%
165Trient
49%
2 235Saint-Nicolas
48%
372Finhaut
47%
593Icogne
46%
4 512Noble-Contrée
45%
1 100Turtmann-Unterems
44%
826Collonges
43%
1 110Mont-Noble
43%
656Obergoms
42%
1 314Täsch
41%
774Vérossaz
40%
450Bettmeralp
39%
363Saas-Almagell
38%
1 956Gampel-Bratsch
37%
441Riederalp
37%
1 002Bitsch
36%
240Arbignon
35%
435Randa
34%
1 337Visperterminen
34%
74Zwischbergen
34%
335Saas-Balen
33%
658Varonne
33%
134Binn
32%
2 111Ried-Brig
32%
1 603Steg-Hohtenn
32%
292Blatten (Lötschen)
30%
320Fieschertal
30%
1 062Stalden
30%
1 233Grächen
29%
125Oberems
29%
425Grengiols
28%
315Lax
28%
250Ferden
27%
695Mörel-Filet
27%
971Termen
27%
375Bellwald
26%
318Kippel
26%
555Wiler (Lötschen)
26%
723Agarn
25%
446Eischoll
25%
492Ernen
25%
638Lalden
25%
280Embd
23%
108Inden
23%
437Unterbäch
23%
1 331Baltschieder
22%
33Bister
22%
537Staldenried
22%
633Ausserberg
21%
194Eisten
21%
731Niedergesteln
21%
488Törbel
21%
338Eggerberg
20%
744Bürchen
19%
179Ergisch
19%
408Guttet-Feschel
19%
290Zeneggen
18%

Distribution des résultats

Percentile par nombre de réponses

% des personnes avec chaque résultat

Votre développement - résultats

Vous n’avez pas pris ce quiz